000 00386nam a2200145Ia 4500
008 260407s9999 xx 000 0 und d
020 _a9.7893712636e+012
082 _a343.5405
_bSIN/S
100 _aSinghania, Vinod K.
245 0 _aStudents' Guide to GST & Customs Law
250 _a14th
260 _aNew Delhi
_bTaxmann Publication Pvt Ltd
_c2026
300 _a321p.
942 _cBK
999 _c54080
_d54080